The access manual (Record no. 102435)

MARC details
000 -LEADER
fixed length control field 01291cam a2200277 4500
008 - FIXED-LENGTH DATA ELEMENTS--GENERAL INFORMATION
fixed length control field 000000n2004 000 0 eng u
020 ## - INTERNATIONAL STANDARD BOOK NUMBER
International Standard Book Number 1405107650
035 ## - SYSTEM CONTROL NUMBER
System control number (Sirsi) u119894
041 ## - LANGUAGE CODE
Language code of text/sound track or separate title eng
050 ## - LIBRARY OF CONGRESS CALL NUMBER
Classification number 725.54
-- 18
100 ## - MAIN ENTRY--PERSONAL NAME
Personal name Sawyer, Ann
245 #4 - TITLE STATEMENT
Title The access manual
Remainder of title auditing and managing the built environments
260 ## - PUBLICATION, DISTRIBUTION, ETC.
Place of publication, distribution, etc. Oxford
Name of publisher, distributor, etc. Blackwell
Date of publication, distribution, etc. 2004
300 ## - PHYSICAL DESCRIPTION
Extent 256p.
Other physical details ill
Dimensions 25cm.
350 ## - PRICE (NR) (BK AM CF MU VM SE) [OBSOLETE]
Price 35
520 ## - SUMMARY, ETC.
Summary, etc. This manual covers the design, improvement, maintenance and management of accessible environments. Aimed at building designers and managers, it shows how to provide and run buildings, services and employment facilities to enable independent and convenient use by all. Contains comprehensive information on standards, legislation and good practice.
520 ## - SUMMARY, ETC.
Summary, etc. Superseded by 2nd edition 2007 (isbn 1405146265)
650 ## - SUBJECT ADDED ENTRY--TOPICAL TERM
Topical term or geographic name entry element MANAGEMENT-BUSINESS MANAGEMENT-DISCRIMINATION-DISABILITY DISCRIMINATION-ACCESSIBILITY-ACCESS AUDITS
650 ## - SUBJECT ADDED ENTRY--TOPICAL TERM
Topical term or geographic name entry element MANAGEMENT-BUSINESS MANAGEMENT-DISCRIMINATION-DISABILITY DISCRIMINATION-ACCESSIBILITY
650 ## - SUBJECT ADDED ENTRY--TOPICAL TERM
Topical term or geographic name entry element DISABLED-FRIENDLY BUILDINGS
650 ## - SUBJECT ADDED ENTRY--TOPICAL TERM
Topical term or geographic name entry element DISABLED FACILITIES
650 ## - SUBJECT ADDED ENTRY--TOPICAL TERM
Topical term or geographic name entry element PUBLIC BUILDINGS
690 ## - LOCAL SUBJECT ADDED ENTRY--TOPICAL TERM (OCLC, RLIN)
Topical term or geographic name as entry element BUILDING AND CONSTRUCTION - DESIGN AND STRUCTURES
700 ## - ADDED ENTRY--PERSONAL NAME
Personal name Bright, Keith
942 ## - ADDED ENTRY ELEMENTS (KOHA)
Suppress in OPAC 0
Holdings
Withdrawn status Lost status Source of classification or shelving scheme Damaged status Not for loan Home library Current library Shelving location Date acquired Cost, normal purchase price Total Checkouts Full call number Barcode Date last seen Date last checked out Copy number Cost, replacement price Price effective from Koha item type
    Dewey Decimal Classification     London London Books 13/01/2004 29.75 24 725.54 SAW 30068976 06/08/2019 25/08/2009 1 29.75 06/08/2019 Book